Statistics for Countries With The Most Sheep

Click here to take the quiz!

General Stats

  • This quiz has been taken 67 times
  • The average score is 5 of 10

Answer Stats

Answer% Correct
Australia
92%
China
91%
New Zealand
89%
India
86%
TUrkey
45%
Iran
42%
United Kingdom
31%
Ethiopia
22%
Nigeria
22%
Sudan
20%

Score Distribution

Percentile by Number Answered

Percent of People with Each Score

Your Score History

You have not taken this quiz